00319nam a2200109Ia 4500008004100000082000800041100001400049245002700063942000600090952009800096999001500194240331s9999 xx 000 0 und d bCHO aChokkan,N 0aCharlie Chaplin kadhai cL 001040708LaWERCLbWERCLcSSCd2024-03-31l0o 891.48 CHOp6114r2024-03-31w2024-03-31yL c4693d4693